UBT Library

Anesthesia and Perioperative Complications (Record no. 41097)

000 -LEADER
fixed length control field 00312nam a22001337a 4500
008 - FIXED-LENGTH DATA ELEMENTS--GENERAL INFORMATION
fixed length control field 180127b xxu||||| |||| 00| 0 eng d
020 ## - INTERNATIONAL STANDARD BOOK NUMBER
International Standard Book Number 0801605865
041 ## - LANGUAGE CODE
Language code of text/sound track or separate title eng
080 ## - UNIVERSAL DECIMAL CLASSIFICATION NUMBER
Universal Decimal Classification number 615.7
100 ## - Rafti
Rafti 6
101 ## - Shkurtesa
Shkurtesa ANE
245 ## - TITLE STATEMENT
Title Anesthesia and Perioperative Complications
Statement of responsibility, etc Benumof, J.L
942 ## - ADDED ENTRY ELEMENTS (KOHA)
Source of classification or shelving scheme
Item type Books
Holdings
Withdrawn status Lost status Source of classification or shelving scheme Damaged status Not for loan Collection code Permanent location Current location Shelving location Date acquired Total Checkouts Full call number Barcode Date last seen Price effective from Koha item type
          Koleksioni i përgjithshem UBT - Lipjan UBT - Lipjan Koleksioni i përgjithshem 01/27/2018   615.7 BEN 002-2996680 01/27/2018 01/27/2018 Books
UBT Library © 2015-2024. All rights reserved University Education for Business and Technology